| 000 | 02115nam0a2200349 i 4500 | ||
|---|---|---|---|
| 001 | RU\NLR\BIBL_A\010824128 | ||
| 005 | 20260407081354.0 | ||
| 010 |
_a9785202012501 _bв пер. _9500 |
||
| 021 |
_aRU _b2015-66886 _94001 |
||
| 035 | _a(NLR Aleph) 010824128 | ||
| 090 |
_a10255872 _c10255872 |
||
| 100 | _a20150820d2014 km y0rusy50 ca | ||
| 101 | 0 | _arus | |
| 102 | _aRU | ||
| 105 | _aac||z|||001yy | ||
| 200 | 1 |
_aНедра земли _eместорождения, металлогения _fМ. Д. Скурский _gАкадемия естественных наук Российской Федерации, Федеральное государственное образовательное учреждение высшего профессионального образования "Кузбасский государственный технический университет им. Т. Ф. Горбачева" |
|
| 210 |
_aКемерово _cКузбассвузиздат _d2014 |
||
| 215 |
_a511 с. _cил., портр. _d27 |
||
| 300 | _aНа 4-й с. обл. авт.: Скурский М.Д. инж.-геолог, д.г.-м.н., акад., проф., лауреат Гос. премии за открытие и разведку месторождения группы мелаллоа в Сибири | ||
| 320 | _aБиблиография: с. 480-495 | ||
| 320 | _aУказатель месторождений: с. 496-507 | ||
| 606 | 1 |
_aПолезные ископаемые _xМесторождения _9901788 _3RU\NLR\AUTH\667911 |
|
| 606 |
_aМеталлогения _9933591 _3RU\NLR\AUTH\6625644 |
||
| 686 | 1 | _aД45 | |
| 686 | 1 | _aД451-09 | |
| 700 | 1 |
_aСкурский _bМ.Д. _f1932- _gМихаил Данилович |
|
| 712 | 0 | 2 |
_4570 _aКузбасский государственный технический университет им. Т. Ф. Горбачева _cКемерово _3RU\NLR\AUTH\886974 _9285926 |
| 801 | 0 |
_aRU _bКемеровская ОНБ _c20150303 _grcr |
|
| 942 | _cBOOK | ||
| 980 | _aNBR | ||